Why the pina has a hundred eyes : (Record no. 103450)
[ view plain ]
| 000 -LEADER | |
|---|---|
| fixed length control field | 00688nam a2200193 a 4500 |
| 005 - DATE AND TIME OF LATEST TRANSACTION | |
| control field | 20140412111302.0 |
| 008 - FIXED-LENGTH DATA ELEMENTS--GENERAL INFORMATION | |
| fixed length control field | 010419s19uu xx 00 eng d |
| 020 ## - INTERNATIONAL STANDARD BOOK NUMBER | |
| International Standard Book Number | 971-630-023-9 |
| 050 ## - LIBRARY OF CONGRESS CALL NUMBER | |
| Classification number | Fil 398.242 |
| Item number | S11 1993 |
| 100 ## - MAIN ENTRY--PERSONAL NAME | |
| Personal name | Sta. Romana-Cruz, Neni |
| 245 ## - TITLE STATEMENT | |
| Title | Why the pina has a hundred eyes : |
| Remainder of title | and other classic Philippine folk tales about fruits / |
| Statement of responsibility, etc | as told by Neni Sta. Romana-Cruz; illustrated by Felix Mago Miguel. |
| 260 ## - PUBLICATION, DISTRIBUTION, ETC. (IMPRINT) | |
| Place of publication, distribution, etc | Manila : |
| Name of publisher, distributor, etc | Tahanan Books for Young Readers, |
| Date of publication, distribution, etc | 1993. |
| 300 ## - PHYSICAL DESCRIPTION | |
| Extent | 55p. ; ill. |
| 440 ## - SERIES STATEMENT/ADDED ENTRY--TITLE | |
| Title | A Treasury of Philippine Folk Tales |
| 650 ## - SUBJECT ADDED ENTRY--TOPICAL TERM | |
| Topical term or geographic name as entry element | Folk literature-Philippines |
| 650 ## - SUBJECT ADDED ENTRY--TOPICAL TERM | |
| Topical term or geographic name as entry element | Pi�a - Legends |
| Withdrawn status | Lost status | Damaged status | Home library | Current library | Shelving location | Date acquired | Source of acquisition | Total Checkouts | Full call number | Barcode | Date last seen | Price effective from | Koha item type |
|---|---|---|---|---|---|---|---|---|---|---|---|---|---|
| Elizalde Library | Elizalde Library | Filipiniana Section | 04/19/2001 | Fil 398.242 S11 1993 | E4862 | 04/12/2014 | 04/12/2014 | Books | |||||
| Elizalde Library | Elizalde Library | Filipiniana Section | 04/09/2002 | Fil 398.242 S11 1993 | E5312 | 04/12/2014 | 04/12/2014 | Books |